Einfaltungen: Auf Wegen christlicher Einigung

محفوظ في:
التفاصيل البيبلوغرافية
المؤلف الرئيسي: Balthasar, Hans Urs von (مؤلف)
التنسيق: كتاب
اللغة:الألمانية
منشور في: Einsiedeln Johannes 1987
الطبعة:1a. ed
سلاسل:Kriterien, 73
الموضوعات:
الوسوم: إضافة وسم
لا توجد وسوم, كن أول من يضع وسما على هذه التسجيلة!

MARC

LEADER 00000cam a2200000 a 4500
001 UCE7893
003 CL-VaPUC
008 150710e19870000sz |||||||||||||||||ger|d
020 |a 3265103021 
082 0 4 |a 270.82  |b BAL  |2 21 
100 0 |a Balthasar, Hans Urs von  |e author  |9 580613 
245 1 0 |a Einfaltungen: Auf Wegen christlicher Einigung 
250 |a 1a. ed 
300 |a 147 p 
942 |c BK 
945 |d 20150710 13:45:00  |a dcastane 
260 |a Einsiedeln  |b Johannes  |c 1987 
650 0 |a Iglesia Católica  |9 256114 
650 0 |a Ecumenismo  |9 255639 
583 |a last modification  |c 20150710 13:45:00  |k Rodrigo Vera 
490 0 |a Kriterien, 73 
999 |c 359879  |d 359877 
952 |0 0  |1 0  |3 erb  |4 0  |6 270_820000000000000_BAL_1987  |7 0  |8 A  |9 469467  |a BIBTEO  |b BIBTEO  |e Casale Rolle, Carlos Ignacio, -2014  |i 5183618  |o 270.82 BAL 1987  |p 5183618  |r 2025-01-17  |w 2019-11-23  |y BK  |z Catalogado en:20150710  |k ICR